00437nam a2200145Ia 4500003000900000008004200009040003300051041001400084080001600098100003600114245006200150246003300212260003100245300001500276LK-CoDNM010623t1979 xxu||||| |||| 00| 1 Pali d aLK-CoDNMdLK-CoDNMeLK-CoDNM aPaliasin a809.12bMED aChandamuni, Keselwattereveed. aජිනවංස දීප මහා කාව්‍ය aJinavansa deepa maha kavyaya bM.T.J.CooryaPuugodac1979 b107, 22 cm